000
00306 a2200145 4500
001
169114
020
_a
040
_c
Magnum
100
_a
Schoenfeld, Keller
240
1
0
_a
Principios de psicologia
_l
por
245
1
0
_a
Principios de psicologia
362
0
_a
1899
697
_a
PSICOLOGIA
942
_c
BK
999
_c
169114
_d
169114